00267nam a2200109Ia 450000500170000000800410001704100080005810000140006624500230008026000340010330000200013720251223131551.0251219s9999 xx 000 0 und d aeng aDickens C aTale of two cities bRupa Publication/ Indiac1999 a416bPaper Back